|
|
|
|
| LEADER |
00615cam a2200193 7i4500 |
| 001 |
0000022665 |
| 005 |
20090427090000.0 |
| 020 |
0 |
0 |
|a 978-0-8213-7609-6
|
| 090 |
0 |
0 |
|a ASIA 338.7
|b DOI
|
| 245 |
0 |
0 |
|a Doing business 2009 :
|b East Asia & Pasific - Pasific Islands.
|
| 260 |
0 |
0 |
|a Washington, DC:
|b The World Bank,
|c 2008.
|
| 300 |
# |
# |
|a 34 p.
|
| 650 |
0 |
0 |
|a Business --
|z East Asia
|
| 650 |
0 |
0 |
|a Business --
|z Asia Pasific
|
| 650 |
0 |
0 |
|a Doing business --
|z East Asia
|
| 650 |
0 |
0 |
|a Doing business --
|z Asia Pasific
|
| 651 |
0 |
0 |
|a Asia Pasific
|
| 651 |
0 |
0 |
|a East Asia
|
| 999 |
|
|
|a 0000023353
|b Book
|c Regions
|e Business Information Centre
|